| 000 | 00648nam a2200217 a 4500 | ||
|---|---|---|---|
| 005 | 20140310183259.0 | ||
| 008 | 041125s19uu xx 00 eng d | ||
| 020 | _a0823743078 | ||
| 050 |
_aRT 48.5 _b.M34 1991 |
||
| 100 | _aMcFarland, Mary Brambilla | ||
| 245 |
_aNursing implications of laboratory tests / _cMary Brambilla McFarland |
||
| 250 | _a2nd ed. | ||
| 260 |
_aAlbany, N.Y. : _bDelmar, _c1991. |
||
| 300 |
_a520 p. : _bill. ; _c24 cm. |
||
| 521 | _aNUR | ||
| 650 |
_aNursing Diagnosis _xLaboratory. |
||
| 650 |
_aDiagnosis, Laboratory _xNursing tests. |
||
| 700 | _aGrant, Marcia Moeller | ||
| 942 |
_cBK _2lcc _kFOR |
||
| 999 |
_c20929 _d20929 |
||